Mental causation (Registro nro. 321539)
[ vista simple ]
| 000 -ENCABEZADO | |
|---|---|
| Número de control [NR] | 00885nam a22002417a 4500 |
| 005 - FECHA Y HORA DE LA ÚLTIMA TRANSACCIÓN | |
| control field | 20220803150544.0 |
| 008 - DE LONGITUD FIJA DE DATOS DE ELEMENTOS - INFORMACIÓN GENERAL | |
| Elementos de longitud fija [NR] | 220803s1993 enk |||gr|||| 00| 0 eng d |
| 020 ## - NUMERO INTERNACIONAL NORMALIZADO PARA LIBROS [R] | |
| Número Internacional Normalizado del libro [NR] | 0198239297 |
| 040 ## - FUENTE DE CATALOGACION [NR] | |
| Agencia de catalogación original [NR] | CO-BoUCM |
| Idioma de catalogación [NR] | spa |
| Quien Cataloga | Deissy Garcia |
| Quien Clasifica | Deissy Garcia |
| 041 ## - CODIGO DE IDIOMA [R] | |
| Código de idioma para texto/pista de sonido o título separado [R] | Inglés |
| 245 00 - MENCION DE TITULO [NR] | |
| Título [NR] | Mental causation |
| Mención de responsabilidad, etc. [NR] | edición de John Heil, Alfred Mele |
| 260 ## - PUBLICACION, DISTRIBUCION, ETC. (PIE DE IMPRENTA) [R] | |
| Lugar de publicación, distribución, etc. [R] | Oxford |
| -- | Nueva York |
| Nombre del editor, distribuidor, etc. [R] | Clarendon Press |
| -- | Oxford University Press |
| Fecha de publicación, distribución, etc. [R] | 1993 |
| 300 ## - DESCRIPCION FISICA [R] | |
| Extensión [R] | x, 342 páginas |
| 500 ## - NOTA GENERAL [R] | |
| Nota general [NR] | Bibliografía Básica - Escuela de Ciencias Humanas - Pregrado en Filosofía |
| 504 ## - NOTA DE BIBLIOGRAFIA, ETC. [R] | |
| Nota de bibliografía, etc. [NR] | Incluye referencias bibliográficas e índices |
| 650 #7 - ASIENTO SECUNDARIO DE MATERIA - TERMINO TEMATICO [R] | |
| 9 (RLIN) | 15767 |
| Término temático o nombre geográfico como elemento de entrada [NR] | Filosofía de la mente |
| 650 #7 - ASIENTO SECUNDARIO DE MATERIA - TERMINO TEMATICO [R] | |
| 9 (RLIN) | 19302 |
| Término temático o nombre geográfico como elemento de entrada [NR] | Mente y cuerpo |
| 650 #7 - ASIENTO SECUNDARIO DE MATERIA - TERMINO TEMATICO [R] | |
| 9 (RLIN) | 10618 |
| Término temático o nombre geográfico como elemento de entrada [NR] | Causalidad |
| 700 ## - ASIENTO SECUNDARIO - NOMBRE PERSONAL [R] | |
| 9 (RLIN) | 167806 |
| Nombre personal [NR] | Heil, John |
| Término de relación [R] | editor |
| 700 ## - ASIENTO SECUNDARIO - NOMBRE PERSONAL [R] | |
| Nombre personal [NR] | Mele, Alfred R. |
| 9 (RLIN) | 141581 |
| 942 ## - ELEMENTOS DE ENTRADA AGREGADOS (KOHA) | |
| Sistema de clasificación | DEWEY |
| Tema principal | Filosofía |
| Tipo de ítem principal el descrito en 300a | Libro |
| Edición | 1 |
| Clasificación | 128.2 |
| Parte restante de la signatura top. | M549 |
| Título oculto en OPAC | No |
| Total préstamos | Signatura topográfica | Código de barras | Última vez visto | Ejemplar | Costo de reposición | Price effective from | Tipo de ítem | Perdido | Sistema de clasificación | Dañado | No prestable | Tipo de ítem específico | Suprimido | Ubicación habitual | Ubicación actual | Localización | Fecha de creación | Forma de adquisición | Costo |
|---|---|---|---|---|---|---|---|---|---|---|---|---|---|---|---|---|---|---|---|
| 128.2 M549 | 100170571 | 05/12/2025 | Ej.1 | 350160.00 | 03/08/2022 | Libro | DEWEY | Libro | Claustro | Claustro | 2do piso | 03/08/2022 | Compra | 350160.00 |